| 000 | 00318nam a22001337a 4500 | ||
|---|---|---|---|
| 999 |
_c15362 _d15362 |
||
| 020 | _a9788126428397 | ||
| 082 |
_a894.812 3 _bSUB/MA |
||
| 100 |
_aSubhash Chandran _93044 |
||
| 245 | _aManushyanu Oru Amukham | ||
| 260 |
_aKottayam _bD.C Books _c2017 |
||
| 300 | _a407 | ||
| 650 |
_aMalayalam Fiction _93040 |
||
| 942 | _cBK | ||